• 首页
  • 本馆介绍
  • 公告通知
  • 最新文献
  • 馆藏检索
  • 电子资源
  • 读者导购
  • 参考咨询
  • 我的图书馆
  • 登录
  • 详细信息显示
  • 放入我的书架
  • 预约/预借图书
  • 作者相关作品
  • 分类相关作品
  • 丛书相关作品
  • 出版社相关作品

书目信息

  • 表格格式
  • 工作单格式
  • 卡片格式
题名:
无穷维随机动力系统的动力学
    
 
作者: 黄建华 , 郑言 著
分册:  
出版信息: 北京   科学出版社  2018重印
页数: 262页
开本: 24cm
丛书名:
单 册:
中图分类: O19
科图分类:
主题词: 无限维--Wu Xian Wei--动力系统
电子资源:
ISBN: 978-7-03-030262-5
000 00735nam0 2200253 45
001 012001001543
005 20140108134439.0
010    @a978-7-03-030262-5@dCNY98.00
099    @aCAL 012011047342
100    @a20110328d2011 ekmy0chiy50 ea
101 0  @achi
102    @aCN@b110000
105    @ay a 000yy
106    @ar
200 1  @a无穷维随机动力系统的动力学@AWu Qiong Wei Sui Ji Dong Li Xi Tong De Dong Li Xue@f黄建华, 郑言著
210    @a北京@c科学出版社@d2018重印
215    @a262页@d24cm
320    @a有书目
606 0  @a无限维@AWu Xian Wei@x动力系统
690    @aO19@v4
701  0 @a黄建华@AHuang Jian Hua@4著
701  0 @a郑言@AZheng Yan@4著
801  0 @aCN@b北京卓展@c20191020
905    @b1202106-9@dO19@e66@f4
    
    无穷维随机动力系统的动力学/黄建华, 郑言著.-北京:科学出版社,2018重印
    262页;24cm
    
    
    ISBN 978-7-03-030262-5:CNY98.00
    
●
相关链接 在E读中查询图书 在五车中查询图书 在当当中查询图书 在豆瓣中查询图书


正题名:无穷维随机动力系统的动力学     索取号:O19/66         预约/预借

序号 登录号 条形码 馆藏地/架位号 状态 备注
1 1202106   212021060   第二样本阅览室/ [索取号:O19/66] 在馆    
2 1202107   212021079   第三借阅区/ [索取号:O19/66] 在馆    
3 1202108   212021088   第三借阅区/ [索取号:O19/66] 在馆    
4 1202109   212021097   第三借阅区/ [索取号:O19/66] 在馆    
唐山师范学院图书馆 欢迎您!
大连网信软件有限公司© 版权所有